000 00621nam a22002177a 4500
003 UA-OsUOA
001 39906
007 ta
008 20060705b un ||||| |||| 00| 0 ukr d
100 _aСавельева О.О.
090 _a94(477)
_bС12
942 _cSA
040 _aUA-OsUOA
_brus
_cUA-OsUOA
_dUA-OsUOA
245 _aСоветская реклама 20-х годов как средство агитаци и пропаганды
300 _aС.140-148
955 _a0
041 _arus
080 _a94(477)
773 0 _w39905
650 7 _a9 Географія. Біографії. Історія
_2UDC
999 _c326048
_d326048